<?xml version="1.0" encoding="UTF-8"?>
<collection xmlns="http://www.loc.gov/MARC21/slim">
  <record>
    <leader>00000nam  2200000   4500</leader>
    <controlfield tag="001">INLIS000000000000223</controlfield>
    <controlfield tag="005">20190426110245</controlfield>
    <datafield tag="035" ind1="#" ind2="#">
      <subfield code="a">0010-0718000223</subfield>
    </datafield>
    <controlfield tag="008">190426################g##########0#ind##</controlfield>
    <datafield tag="020" ind1="#" ind2="#">
      <subfield code="a">9786022030775</subfield>
    </datafield>
    <datafield tag="041" ind1=" " ind2=" ">
      <subfield code="a">id</subfield>
    </datafield>
    <datafield tag="082" ind1="#" ind2="#">
      <subfield code="a">658.4038</subfield>
    </datafield>
    <datafield tag="090" ind1=" " ind2=" ">
      <subfield code="a">658.403 8</subfield>
    </datafield>
    <datafield tag="100" ind1=" " ind2="#">
      <subfield code="a">Kresdiana, Henti</subfield>
    </datafield>
    <datafield tag="245" ind1="1" ind2="#">
      <subfield code="a">Transfer Pengetahuan: Kemampuan Berinovasi dan Kinerja Organisasi (Suatu kajian Empiris) /</subfield>
      <subfield code="c">Henti Kresdiana</subfield>
    </datafield>
    <datafield tag="250" ind1="#" ind2="#">
      <subfield code="a">Cet. 1</subfield>
    </datafield>
    <datafield tag="260" ind1="#" ind2="#">
      <subfield code="a">Malang :</subfield>
      <subfield code="b">Universitas Brawijaya Press,</subfield>
      <subfield code="c">2013</subfield>
    </datafield>
    <datafield tag="300" ind1="#" ind2="#">
      <subfield code="a">xiv, 146 hlm. :</subfield>
      <subfield code="b">ilus ;</subfield>
      <subfield code="c">16,5 cm</subfield>
    </datafield>
    <datafield tag="650" ind1=" " ind2="#">
      <subfield code="a">Manajemen Informasi</subfield>
    </datafield>
    <datafield tag="084" ind1="#" ind2="#">
      <subfield code="a">658.4038 Kre t</subfield>
    </datafield>
    <datafield tag="520" ind1="#" ind2="#">
      <subfield code="a">Buku ini sangat bermanfaan bagi praktisi maupun akademisi. Manfaat bagi para praktisi bisnis yang ingin mengetahui hal-hal apa yang perlu diperhatikan untuk mempercepat adanya transfer pengetahuan antar karyawan, karena fokus utama buku ini berdasarkan pemikiran bahwa transfer pengetahuan (knowledge transfer), mempunyai pengaruh terhadap kemampuan berinovasi (inovative capability) dan kinerja organisasi (Organization performance). Bagi akademisi, buku ini diharapkan dapat memberikan pengayaan terhadap perkembangan ilmu pengetahuan dan teknologi, khususnya bidang ilmu Manajemen Sistem Informasi. Dalam era serba elektronik dan digitalisasi ini ketiga faktor tersebut penting dalam merealisasikan peran vital teknologi informasi dalam organisasi yang meliputi mendukung operasi organisasi, pengambilan keputusan manajerial, dan keunggulan strategis, sehingga dapat meningkatkan fleksibilitas dan meningkatkan kualitas keputusan manajemen serta kinerja organisasi.</subfield>
    </datafield>
    <datafield tag="856" ind1="#" ind2="#">
      <subfield code="a">Perpustakaan Lembaga Administrasi Negara</subfield>
    </datafield>
    <datafield tag="990" ind1="#" ind2="#">
      <subfield code="a">141217118</subfield>
    </datafield>
    <datafield tag="990" ind1="#" ind2="#">
      <subfield code="a">141217117</subfield>
    </datafield>
    <datafield tag="990" ind1="#" ind2="#">
      <subfield code="a">141217118</subfield>
    </datafield>
    <datafield tag="990" ind1="#" ind2="#">
      <subfield code="a">141217117</subfield>
    </datafield>
  </record>
</collection>
